[Event "25th Belgrade Trophy"]
[Site "Obrenovac SRB"]
[Date "2011.12.02"]
[Round "9.12"]
[White "Hrzic,I"]
[Black "Radlovacki,J"]
[Result "0-1"]
[WhiteTitle "FM"]
[BlackTitle "IM"]
[WhiteElo "2303"]
[BlackElo "2429"]
[WhiteFideId "922838"]
[BlackFideId "907430"]
[EventDate "2011.11.24"]

1. e4 c6 2. d4 d5 3. e5 Bf5 4. h4 h6 5. g4 Bd7 6. Nc3 e6 7. Be3 Bb4 8. a3 Be7 9.
Nf3 b5 10. Ne2 h5 11. g5 g6 12. Nf4 Bf8 13. Nd3 Ne7 14. Bh3 Nc8 15. Nd2 Nb6 16.
b3 Be7 17. Bg2 Kf8 18. Rh3 Na6 19. Nc5 Bc8 20. c3 Kg7 21. b4 Nc7 22. a4 bxa4 23.
Nxa4 Nxa4 24. Rxa4 Bd7 25. Ra2 Nb5 26. Qa1 Qb6 27. f4 Rhc8 28. Kf2 a6 29. Nb3
Rc7 30. Rh1 Bc8 31. Rc1 Rca7 32. Bf1 Nc7 33. Kg1 a5 34. bxa5 Qxb3 35. Rb1 Rxa5
36. Rxb3 Rxa2 37. Qc1 Nb5 38. Bf2 Ba6 39. c4 dxc4 40. Bxc4 Nc7 41. Bxa6 R8xa6
42. Kg2 Nd5 43. Rf3 Bb4 44. Kh3 Bd2 45. Qd1 R6a3 46. Bg3 Nxf4+ 47. Kh2 Be3+ 48.
Bf2 Bxf2 49. d5 Bxh4+ 50. Kh1 Ra1 0-1

[Event "25th Belgrade Trophy"]
[Site "Obrenovac SRB"]
[Date "2011.12.02"]
[Round "9.13"]
[White "Nikcevic,N"]
[Black "Olenin,N"]
[Result "1/2-1/2"]
[WhiteTitle "GM"]
[BlackTitle "IM"]
[WhiteElo "2412"]
[BlackElo "2323"]
[WhiteFideId "901776"]
[BlackFideId "4122216"]
[EventDate "2011.11.24"]

1. d4 Nf6 2. Nf3 e6 3. c4 b6 4. e3 Bb7 5. Bd3 c5 6. O-O Be7 7. Nc3 cxd4 8. exd4
d5 9. cxd5 Nxd5 10. Ne5 O-O 11. Qh5 Nf6 12. Qh4 Nc6 13. Bg5 g6 14. Ba6 h6 15.
Bxh6 Nxe5 16. Bxf8 Nf3+ 17. gxf3 Bxa6 18. Bxe7 Qxe7 19. Rfe1 Kg7 20. Ne4 Nd5 21.
Qxe7 Nxe7 22. Rac1 Nd5 23. Rc6 Rb8 24. Rd6 1/2-1/2

[Event "25th Belgrade Trophy"]
[Site "Obrenovac SRB"]
[Date "2011.12.02"]
[Round "9.15"]
[White "Videnova,I"]
[Black "Pantelic,Sa"]
[Result "1-0"]
[WhiteTitle "WGM"]
[BlackTitle "FM"]
[WhiteElo "2297"]
[BlackElo "2341"]
[WhiteFideId "2907763"]
[BlackFideId "933210"]
[EventDate "2011.11.24"]

1. e4 c5 2. Nf3 d6 3. d4 cxd4 4. Nxd4 Nf6 5. Nc3 g6 6. Be3 Bg7 7. f3 O-O 8. Qd2
Nc6 9. Bc4 Qa5 10. O-O-O Nxd4 11. Bxd4 Be6 12. Bb3 Bxb3 13. cxb3 Rfc8 14. Kb1
Rc6 15. h4 Rac8 16. h5 b5 17. hxg6 hxg6 18. g4 e6 19. Rh3 b4 20. Na4 Qc7 21.
Rhh1 Qa5 22. a3 Rb8 23. Rc1 Rxc1+ 24. Rxc1 Ne8 25. Bxg7 Kxg7 26. Rc4 d5 27. axb4
Qb5 28. Nc3 Qb6 29. exd5 exd5 30. Qxd5 Nf6 31. Qc5 Rd8 32. g5 Nh5 33. b5 Qb7 34.
f4 Qd7 35. Ra4 Qd3+ 36. Ka2 Rd7 37. Rxa7 Rxa7+ 38. Qxa7 Nxf4 39. b6 Qd4 40. Na4 1-0

[Event "25th Belgrade Trophy"]
[Site "Obrenovac SRB"]
[Date "2011.12.02"]
[Round "9.16"]
[White "Milanovic,Da"]
[Black "Sarenac,D"]
[Result "1-0"]
[WhiteTitle "GM"]
[WhiteElo "2516"]
[BlackElo "2292"]
[WhiteFideId "915483"]
[BlackFideId "936669"]
[EventDate "2011.11.24"]

1. d4 Nf6 2. c4 g6 3. Nc3 d5 4. cxd5 Nxd5 5. Bd2 Bg7 6. e4 Nb6 7. Be3 O-O 8. Be2
f5 9. exf5 Bxf5 10. Nf3 Nc6 11. Qb3+ Kh8 12. Rd1 Qe8 13. d5 Ne5 14. Nd4 Qf7 15.
h3 Qg8 16. f4 Nf7 17. Nxf5 gxf5 18. a4 Nd6 19. a5 Nbc8 20. O-O b6 21. Bb5 a6 22.
Bd7 Qf7 23. Na4 Ne4 24. Rc1 Ncd6 25. Rxc7 bxa5 26. Qd3 Rab8 27. b3 Nb5 28. Rc6
Rfd8 29. Be6 Qe8 30. Rfc1 Nbd6 31. Nc5 Rb5 32. Nxa6 Qg6 33. Rb6 Rxb6 34. Bxb6
Rf8 35. Nc5 Qf6 36. Nd7 Qb2 37. Rb1 Qc3 38. Qxc3 Nxc3 39. Re1 Ra8 40. Ne5 h6 41.
Ng6+ Kh7 42. Nxe7 a4 43. bxa4 Rxa4 44. Nxf5 Nc4 45. Bd8 Ra8 46. Bh4 Bf8 47. Bf6
Bc5+ 48. Kh2 Nb5 49. Rc1 Nba3 50. d6 Bxd6 51. Nxd6 Nxd6 52. Rc7+ Kg6 53. Be5 Ne8
54. f5+ Kg5 55. Kg3 Ra4 56. Re7 Re4 57. h4+ 1-0

[Event "25th Belgrade Trophy"]
[Site "Obrenovac SRB"]
[Date "2011.12.02"]
[Round "9.17"]
[White "Stanojevic,B"]
[Black "Miron,L"]
[Result "0-1"]
[WhiteTitle "IM"]
[BlackTitle "IM"]
[WhiteElo "2298"]
[BlackElo "2513"]
[WhiteFideId "902560"]
[BlackFideId "1210920"]
[EventDate "2011.11.24"]

1. d4 d5 2. Nf3 e6 3. c4 c6 4. Nc3 dxc4 5. e3 b5 6. a4 Bb4 7. Bd2 a5 8. Ne5 Nf6
9. Be2 O-O 10. Bf3 Nd5 11. axb5 Bxc3 12. bxc3 cxb5 13. e4 Ne7 14. Qb1 Ba6 15.
O-O Ra7 16. Qa2 a4 17. Bc1 Nd7 18. Nxd7 Qxd7 19. Ba3 Re8 20. Rad1 Bb7 21. Rfe1
Raa8 22. Qb1 Ng6 23. g3 f5 24. Bg2 fxe4 25. Bxe4 Rad8 26. h4 Bxe4 27. Rxe4 Qc6
28. Rde1 Rd5 29. Qd1 Nf8 30. Qg4 h5 31. Qe2 Nd7 32. Qf3 Nf6 33. Rf4 Qd7 34. Kg2
Qf7 35. Re5 Qg6 36. Re1 Rf5 37. Rxe6 Rxf4 38. Rxe8+ Qxe8 39. Qxf4 Qe4+ 40. Qxe4
Nxe4 41. Bb4 Nd2 42. Ba3 Nb1 0-1

[Event "25th Belgrade Trophy"]
[Site "Obrenovac SRB"]
[Date "2011.12.02"]
[Round "9.20"]
[White "Stavnjak,L"]
[Black "Kiroski,T"]
[Result "1/2-1/2"]
[WhiteTitle "FM"]
[BlackTitle "IM"]
[WhiteElo "2235"]
[BlackElo "2351"]
[WhiteFideId "932027"]
[BlackFideId "15000265"]
[EventDate "2011.11.24"]

1. e4 c5 2. c4 Nc6 3. Nc3 g6 4. g3 Bg7 5. Bg2 d6 6. d3 Nf6 7. Nge2 O-O 8. O-O
Rb8 9. Bg5 h6 10. Bc1 a6 11. Nd5 Nxd5 12. cxd5 Nd4 13. Nxd4 cxd4 14. b3 Bd7 15.
Bb2 Qa5 16. Qe1 Qb6 17. Qd2 a5 18. Rfc1 Rfc8 19. Rxc8+ Rxc8 20. Rc1 Rxc1+ 21.
Bxc1 a4 22. b4 Qc7 23. Bb2 f5 24. Qc1 Qxc1+ 25. Bxc1 fxe4 26. Bxe4 Kf7 27. f4
Bg4 28. Kg2 Bd1 29. h3 Bc2 30. Kf2 Bb1 31. a3 Ba2 32. g4 Bf6 33. Kg3 g5 34. Bd2
Bb3 35. h4 gxh4+ 36. Kh3 Bd1 37. Be1 Kg7 38. Bxh4 Bxh4 39. Kxh4 Kf6 40. g5+
hxg5+ 41. fxg5+ Ke5 42. g6 Kf6 43. g7 Kxg7 44. Kg5 Be2 45. Kf4 Kf6 46. Bf5 Bf3
47. Be6 Bg2 48. Bg8 1/2-1/2

[Event "25th Belgrade Trophy"]
[Site "Obrenovac SRB"]
[Date "2011.12.02"]
[Round "9.21"]
[White "Menkinoski,R"]
[Black "Vasic,Vladi"]
[Result "1-0"]
[WhiteTitle "FM"]
[WhiteElo "2349"]
[BlackElo "2234"]
[WhiteFideId "15001261"]
[BlackFideId "920231"]
[EventDate "2011.11.24"]

1. Nf3 d5 2. d4 Nf6 3. g3 c5 4. Bg2 Nc6 5. O-O Bf5 6. c3 Qd7 7. Ne5 Nxe5 8. dxe5
Ne4 9. f3 Bh3 10. fxe4 Bxg2 11. Kxg2 d4 12. cxd4 cxd4 13. Qb3 e6 14. Nd2 h5 15.
Nf3 h4 16. Ng5 hxg3 17. Rxf7 Be7 18. hxg3 Rh6 19. Rf3 Rg6 20. Nf7 Rc8 21. Bd2
Rc6 22. Rh1 Qc7 23. Rh8+ Kd7 24. Qa4 Qb6 25. Rb3 Bb4 26. Rxb4 Qc7 27. Rxd4+ Ke7
28. Bb4+ 1-0

[Event "25th Belgrade Trophy"]
[Site "Obrenovac SRB"]
[Date "2011.12.02"]
[Round "9.22"]
[White "Cetkovic,Mi"]
[Black "Skurikhin,D"]
[Result "0-1"]
[WhiteTitle "IM"]
[BlackTitle "FM"]
[WhiteElo "2247"]
[BlackElo "2345"]
[WhiteFideId "907588"]
[BlackFideId "4161297"]
[EventDate "2011.11.24"]

1. e4 e6 2. Qe2 c5 3. f4 Nc6 4. Nf3 Nf6 5. c3 Qc7 6. g3 b6 7. Na3 Bb7 8. d3 Be7
9. Bh3 d6 10. O-O a6 11. Bd2 b5 12. Nc2 O-O 13. Rae1 Rae8 14. g4 Nd7 15. g5 Kh8
16. Ne3 Bd8 17. Qf2 Ne7 18. f5 exf5 19. exf5 Ne5 20. Nxe5 dxe5 21. f6 Nd5 22.
Qh4 Nf4 23. fxg7+ Kxg7 24. Bf5 h5 25. Be4 Rg8 26. Kf2 Kf8 27. Rg1 Rxg5 28. Rxg5
Bxg5 29. Qg3 Bxe4 30. dxe4 Qd8 31. Kf3 Bh4 32. Qg1 Qxd2 0-1

[Event "25th Belgrade Trophy"]
[Site "Obrenovac SRB"]
[Date "2011.12.02"]
[Round "9.23"]
[White "Dimitrov,At"]
[Black "Jovicic,R"]
[Result "1/2-1/2"]
[WhiteTitle "IM"]
[WhiteElo "2343"]
[BlackElo "2197"]
[WhiteFideId "2901315"]
[BlackFideId "914657"]
[EventDate "2011.11.24"]

1. g3 g6 2. Bg2 Bg7 3. d4 c5 4. d5 d6 5. c4 Nf6 6. Nc3 O-O 7. Nf3 Na6 8. O-O Nc7
9. a4 Rb8 10. Nd2 b6 11. Rb1 e6 12. b3 exd5 13. cxd5 b5 14. axb5 Nxb5 15. Nxb5
Rxb5 16. Bb2 Re8 17. Re1 h5 18. Qc2 h4 19. e4 hxg3 20. hxg3 Rb7 21. Nc4 Rbe7 22.
Bc3 Ba6 23. Na5 Bb5 24. Rbd1 Nxe4 25. Bxg7 Kxg7 26. Nc6 Bxc6 27. dxc6 f5 28. b4
cxb4 29. Bxe4 fxe4 30. Qb2+ Kg8 31. Qxb4 Re6 32. Qc4 Kg7 33. Qd4+ Qf6 34. Qxa7+
R6e7 35. c7 Rc8 36. Rc1 d5 37. Qb7 Qf5 1/2-1/2

[Event "25th Belgrade Trophy"]
[Site "Obrenovac SRB"]
[Date "2011.12.02"]
[Round "9.24"]
[White "Radosavljevic,SD"]
[Black "Posedaru,B"]
[Result "1-0"]
[WhiteTitle "FM"]
[BlackTitle "FM"]
[WhiteElo "2234"]
[BlackElo "2342"]
[WhiteFideId "904651"]
[BlackFideId "1213610"]
[EventDate "2011.11.24"]

1. c4 e5 2. g3 Nc6 3. Bg2 g6 4. Nc3 Bg7 5. d3 d6 6. Rb1 a5 7. a3 Nf6 8. Nf3 O-O
9. O-O h6 10. b4 axb4 11. axb4 Be6 12. b5 Ne7 13. Qb3 Qd7 14. Rd1 Bh3 15. Bh1
Ng4 16. d4 Qe6 17. e3 f5 18. dxe5 dxe5 19. Nd5 Nxd5 20. Ng5 hxg5 21. Bxd5 Qxd5
22. cxd5 Kh7 23. f3 Nf6 24. Bb2 e4 25. f4 gxf4 26. gxf4 g5 27. Rbc1 Rac8 28.
fxg5 Rg8 29. d6 Bg4 30. Rxc7 Bxd1 31. Qxd1 Ng4 32. Bxg7 Rxc7 33. dxc7 Nxe3 34.
Qh5+ Kxg7 35. Qh6+ 1-0

[Event "25th Belgrade Trophy"]
[Site "Obrenovac SRB"]
[Date "2011.12.02"]
[Round "9.25"]
[White "Andrijevic,M"]
[Black "Dunjic,D"]
[Result "1-0"]
[WhiteTitle "IM"]
[WhiteElo "2333"]
[BlackElo "2123"]
[WhiteFideId "901598"]
[BlackFideId "939668"]
[EventDate "2011.11.24"]

1. e4 c6 2. d4 d5 3. exd5 cxd5 4. c4 Nf6 5. Nc3 Nc6 6. Nf3 Bg4 7. cxd5 Nxd5 8.
Qb3 Nb6 9. Be3 Bxf3 10. gxf3 e6 11. O-O-O Qc7 12. Kb1 Be7 13. d5 Nxd5 14. Nxd5
exd5 15. Rxd5 O-O 16. f4 Bf6 17. Bg2 Rad8 18. Rhd1 Na5 19. Qa4 Rxd5 20. Bxd5 b5
21. Qe4 Nc4 22. Bxc4 bxc4 23. Rc1 Qb8 24. Bd4 Re8 25. Be5 g6 26. Re1 Qb5 27. Re3
Bd8 28. Qc2 Bb6 29. Re1 Ba5 30. Rd1 Rc8 31. Ka1 Qc6 32. f5 Qf3 33. fxg6 hxg6 34.
Rg1 Qd3 35. Rc1 Re8 36. f4 f6 37. Qa4 Re6 38. Qxa5 fxe5 39. fxe5 Qd4 40. Re1 Rb6
41. Qc3 Qxc3 42. bxc3 Kf7 43. Re4 Rc6 44. Rf4+ Ke7 45. h4 Rc5 46. Rg4 Rxe5 47.
Rxg6 a5 48. Rg4 Re1+ 49. Kb2 Kd6 50. Rxc4 Rh1 51. a4 Kd5 52. Rg4 Kc5 53. Kc2 Rf1
54. Kd3 Rf3+ 55. Ke4 Rxc3 56. Kf5 Kd5 57. h5 Rf3+ 58. Kg6 Rf8 59. h6 Rg8+ 60.
Kh5 Rh8 61. Rg5+ 1-0

[Event "25th Belgrade Trophy"]
[Site "Obrenovac SRB"]
[Date "2011.12.02"]
[Round "9.26"]
[White "Savic,Draga"]
[Black "Nenezic,M"]
[Result "0-1"]
[WhiteElo "2140"]
[BlackElo "2329"]
[WhiteFideId "924326"]
[BlackFideId "912123"]
[EventDate "2011.11.24"]

1. b4 Nf6 2. Bb2 e6 3. b5 d5 4. e3 Be7 5. Nf3 c5 6. c4 O-O 7. a4 a5 8. bxa6 Nxa6
9. Be2 b6 10. Na3 Bb7 11. O-O Nb4 12. Qb3 Nd7 13. Nc2 Nc6 14. Bc3 Na5 15. Qb2
Bf6 16. Bxf6 Qxf6 17. Qxf6 Nxf6 18. Ne5 Nb3 19. Ra3 Nxd2 20. Rd1 Nxc4 21. Bxc4
dxc4 22. Nxc4 Ra6 23. Rd6 Bd5 24. Nb2 Rfa8 25. Rd3 Kf8 26. Na3 Ke7 27. Nac4 Rxa4
28. R3xd5 Ra1+ 29. Nd1 exd5 30. Nxb6 Rb8 0-1

[Event "25th Belgrade Trophy"]
[Site "Obrenovac SRB"]
[Date "2011.12.02"]
[Round "9.27"]
[White "Robin,S"]
[Black "Glisic,P"]
[Result "1-0"]
[WhiteTitle "FM"]
[WhiteElo "2323"]
[BlackElo "2170"]
[WhiteFideId "627330"]
[BlackFideId "932515"]
[EventDate "2011.11.24"]

1. e4 c5 2. Nf3 Nc6 3. d4 cxd4 4. Nxd4 Nf6 5. Nc3 e5 6. Ndb5 d6 7. Nd5 Nxd5 8.
exd5 Nb8 9. c4 a6 10. Nc3 g6 11. Be2 Bg7 12. O-O O-O 13. Be3 Nd7 14. Qd2 f5 15.
f3 b6 16. b4 Bb7 17. Rab1 Rb8 18. Na4 Ba8 19. c5 bxc5 20. bxc5 Rxb1 21. Rxb1
Nxc5 22. Nxc5 dxc5 23. Bxc5 Qxd5 24. Qxd5+ Bxd5 25. Bxf8 Bxf8 26. a4 a5 27. Rb5 1-0

[Event "25th Belgrade Trophy"]
[Site "Obrenovac SRB"]
[Date "2011.12.02"]
[Round "9.28"]
[White "Ratkovic,Miloj"]
[Black "Zivkovic,Sava"]
[Result "0-1"]
[BlackTitle "FM"]
[WhiteElo "2168"]
[BlackElo "2321"]
[WhiteFideId "914517"]
[BlackFideId "915920"]
[EventDate "2011.11.24"]

1. d4 Nf6 2. c4 g6 3. Nc3 d5 4. e3 Bg7 5. Qb3 e6 6. cxd5 Nxd5 7. Nxd5 exd5 8.
Nf3 O-O 9. Bd2 Re8 10. Be2 a5 11. O-O a4 12. Qc2 Bf5 13. Bd3 Be4 14. Ne1 a3 15.
b4 Nd7 16. Rb1 Nb6 17. Rb3 Nc4 18. Bxe4 Rxe4 19. b5 Qg5 20. Bb4 Qh5 21. Nf3 g5
22. Qd1 g4 23. Nd2 Re6 24. Nxc4 dxc4 25. Rxa3 Rxa3 26. Bxa3 Qxb5 27. Qxg4 h5 28.
Qg3 Qa4 29. Bc1 Qa5 30. h3 Rg6 31. Qf3 c6 32. Qe2 Qd5 33. f4 c3 34. f5 Rg3 35.
Kh2 h4 36. f6 Bf8 37. e4 Qxd4 38. e5 Qd3 39. Qf2 Bc5 40. Qe1 Qc2 41. Rg1 Bxg1+
42. Qxg1 Qe4 43. Qf2 c2 44. e6 Qxe6 45. Qxc2 Qe5 46. Kh1 Qe1+ 47. Kh2 Rc3 48.
Qd2 Qxc1 49. Qd8+ Kh7 50. Qc7 Kg6 51. Qb8 Qe3 52. Qg8+ Kxf6 53. Qh8+ Ke7 54.
Qxh4+ Kd7 55. Qf6 Qg3+ 0-1

[Event "25th Belgrade Trophy"]
[Site "Obrenovac SRB"]
[Date "2011.12.02"]
[Round "9.30"]
[White "Abramovic,B"]
[Black "Kisic,B"]
[Result "1-0"]
[WhiteTitle "GM"]
[WhiteElo "2450"]
[BlackElo "2008"]
[WhiteFideId "900206"]
[BlackFideId "16500350"]
[EventDate "2011.11.24"]

1. d4 Nf6 2. c4 c5 3. d5 b5 4. cxb5 a6 5. bxa6 Bxa6 6. Nc3 d6 7. g3 g6 8. Bg2
Bg7 9. Nf3 O-O 10. O-O Nbd7 11. Rb1 Ne8 12. Bd2 Nc7 13. Re1 Bc4 14. b3 Bxd5 15.
Nxd5 Nxd5 16. e4 N5b6 17. Qc2 Ra3 18. Bc1 Ra6 19. Bf1 Ra7 20. a4 e6 21. Bd2 d5
22. a5 Nc8 23. exd5 exd5 24. b4 Qf6 25. Bg2 Nd6 26. bxc5 Nc4 27. Bb4 Qc6 28. Nd2
Nxa5 29. Qa2 Bd4 30. Qxd5 Qf6 1-0

[Event "25th Belgrade Trophy"]
[Site "Obrenovac SRB"]
[Date "2011.12.02"]
[Round "9.31"]
[White "Zivkovic,De"]
[Black "Ljangov,P"]
[Result "1-0"]
[WhiteElo "2265"]
[BlackElo "2114"]
[WhiteFideId "938815"]
[BlackFideId "2901277"]
[EventDate "2011.11.24"]

1. c3 Nf6 2. d4 d6 3. Bg5 Nbd7 4. Nd2 e6 5. Ngf3 Be7 6. e4 O-O 7. Bd3 e5 8. dxe5
Nxe5 9. Nxe5 dxe5 10. Nc4 Nd7 11. Be3 Bg5 12. Qe2 Bxe3 13. Nxe3 c6 14. O-O Qg5
15. Bc2 Nf6 16. Rfd1 Be6 17. Rd6 Rfd8 18. Rad1 Ne8 19. R6d3 g6 20. Bb3 Nc7 21.
Nc4 Bxc4 22. Bxc4 Qe7 23. Qd2 Rxd3 24. Qxd3 Re8 25. Qd7 Na8 26. Qxe7 1-0

[Event "25th Belgrade Trophy"]
[Site "Obrenovac SRB"]
[Date "2011.12.02"]
[Round "9.32"]
[White "Maric,Dr"]
[Black "Milutinovic,De"]
[Result "1/2-1/2"]
[WhiteTitle "FM"]
[WhiteElo "2251"]
[BlackElo "2110"]
[WhiteFideId "903400"]
[BlackFideId "925349"]
[EventDate "2011.11.24"]

1. Nf3 Nf6 2. d4 d5 3. c4 c6 4. Nc3 e6 5. Bg5 Nbd7 6. e3 Bb4 7. cxd5 cxd5 8. Bd3
Qa5 9. O-O h6 10. Bf4 a6 11. Rc1 O-O 1/2-1/2

[Event "25th Belgrade Trophy"]
[Site "Obrenovac SRB"]
[Date "2011.12.02"]
[Round "9.33"]
[White "Stojanovic,Vlastimir"]
[Black "Krgovic,V"]
[Result "1-0"]
[WhiteElo "2123"]
[BlackElo "2250"]
[WhiteFideId "943134"]
[BlackFideId "924687"]
[EventDate "2011.11.24"]

1. e4 e5 2. Nf3 Nc6 3. d4 exd4 4. Nxd4 Nf6 5. Nxc6 bxc6 6. Bd3 d5 7. e5 Ng4 8.
O-O Bc5 9. Bf4 g5 10. Bg3 h5 11. Be2 h4 12. Bxg4 hxg3 13. hxg3 Be6 14. Bxe6 fxe6
15. Qd3 Qe7 16. Qg6+ Kd7 17. Nc3 Raf8 18. Rad1 Rfg8 19. Qd3 Rh6 20. Rfe1 Kc8 21.
Na4 Rgh8 22. Kf1 Bb6 23. a3 Qg7 24. Nxb6+ axb6 25. f3 Kb7 26. c4 Rh2 27. Kf2 Qh6
28. Rg1 Qg7 29. Rde1 Rd8 30. b4 Qh8 31. c5 bxc5 32. bxc5 Kc8 33. Qg6 Rh6 34.
Qxg5 d4 35. Re4 d3 36. Ra4 Qf8 37. Ra8+ Kb7 38. Rxd8 Qxc5+ 39. Qe3 Qc2+ 40. Kf1 1-0

[Event "25th Belgrade Trophy"]
[Site "Obrenovac SRB"]
[Date "2011.12.02"]
[Round "9.35"]
[White "Bressac,S"]
[Black "Laverton,C"]
[Result "1/2-1/2"]
[WhiteElo "2212"]
[BlackElo "2086"]
[WhiteFideId "655945"]
[BlackFideId "1506846"]
[EventDate "2011.11.24"]

1. e4 c5 2. Nf3 e6 3. d4 cxd4 4. Nxd4 Nc6 5. Nxc6 bxc6 6. Bd3 Nf6 7. O-O d5 8.
Nc3 Be7 9. Qe2 O-O 10. f4 Re8 11. Kh1 a5 12. e5 Nd7 13. f5 exf5 14. Bxf5 Nf8 15.
Qf3 Bxf5 16. Qxf5 f6 17. Bf4 Qc8 18. Qh5 Ng6 19. Rae1 fxe5 20. Bxe5 Nxe5 21.
Rxe5 Bf6 22. Ref5 Qe6 23. R5f3 Re7 24. Na4 Rae8 25. Nc5 Qf7 26. Qf5 Qg6 27. Qh3
Re1 28. Nd3 Rxf1+ 29. Rxf1 h6 30. Qd7 Bd4 31. c3 Be3 32. Re1 Rf8 33. Ne5 Qf6 34.
Nf3 Bf2 35. Qe6+ Qxe6 36. Rxe6 a4 37. Rxc6 Rb8 38. b4 axb3 39. axb3 Rxb3 40. g3
Rb2 41. Kg2 Bd4+ 42. Kh3 Bf6 43. Rd6 1/2-1/2

[Event "25th Belgrade Trophy"]
[Site "Obrenovac SRB"]
[Date "2011.12.02"]
[Round "9.36"]
[White "Maksimovic,Ma"]
[Black "Prijovic,B"]
[Result "0-1"]
[WhiteElo "2193"]
[BlackElo "1966"]
[WhiteFideId "929220"]
[BlackFideId "939765"]
[EventDate "2011.11.24"]

1. d4 d5 2. Bf4 c6 3. e3 Nf6 4. Bd3 Bg4 5. Nf3 e6 6. Nbd2 Nbd7 7. h3 Bh5 8. O-O
Be7 9. c3 O-O 10. Qe1 Rc8 11. Ne5 Bg6 12. Bxg6 hxg6 13. Bh2 c5 14. f4 b6 15. g4
cxd4 16. exd4 Nxe5 17. fxe5 Nd7 18. Bg3 b5 19. a3 a5 20. Nf3 Qb6 21. Bf4 Qd8 22.
h4 Nb6 23. h5 g5 24. Bc1 a4 25. Be3 Nc4 26. Qc1 Na5 27. Bxg5 Nb3 28. Bxe7 Qxe7
29. Qe3 Nxa1 30. Rxa1 f6 31. h6 f5 32. h7+ Kxh7 33. g5 g6 34. Kg2 Kg7 35. Rh1
Rh8 36. Rxh8 Rxh8 37. Ng1 Qc7 38. Nh3 Qc4 39. Nf4 Kf7 40. Qd2 Rh4 41. Qf2 Rg4+
42. Kf3 b4 43. cxb4 Qb3+ 44. Ke2 Qxb2+ 0-1

[Event "25th Belgrade Trophy"]
[Site "Obrenovac SRB"]
[Date "2011.12.02"]
[Round "9.37"]
[White "Ratkovic,Milov"]
[Black "Dimitrijevic,Sa"]
[Result "1-0"]
[WhiteElo "2183"]
[BlackElo "1878"]
[WhiteFideId "914525"]
[BlackFideId "941409"]
[EventDate "2011.11.24"]

1. d4 f5 2. Nc3 e6 3. e4 fxe4 4. Nxe4 g6 5. Nf3 b6 6. Bd3 Bb7 7. h4 Nc6 8. h5
Bg7 9. Bg5 Nce7 10. h6 Bf8 11. Ne5 Qc8 12. Bxe7 Nxe7 13. Nf6+ 1-0

[Event "25th Belgrade Trophy"]
[Site "Obrenovac SRB"]
[Date "2011.12.02"]
[Round "9.41"]
[White "Zivanovic,B"]
[Black "Vucinic,G"]
[Result "1-0"]
[WhiteElo "2011"]
[BlackElo "2146"]
[WhiteFideId "945455"]
[BlackFideId "945374"]
[EventDate "2011.11.24"]

1. e4 c5 2. Nf3 d6 3. d4 cxd4 4. Nxd4 Nf6 5. Nc3 g6 6. Be3 Bg7 7. f3 Nc6 8. Qd2
O-O 9. Bc4 Nd7 10. O-O Nb6 11. Bb3 Na5 12. Qd3 Bd7 13. Nd5 Nxd5 14. Bxd5 e6 15.
Bb3 Qc7 16. c4 a6 17. Rac1 Rac8 18. Rfd1 Qb8 19. Qd2 b6 20. Bh6 Bxh6 21. Qxh6 e5
22. Ne2 Be6 23. f4 exf4 24. Nxf4 Rc5 25. Rc3 Qc7 26. Rd5 Nxc4 27. Bxc4 Rxc4 28.
Rxc4 Qxc4 29. Nh5 Qd4+ 30. Rxd4 gxh5 1-0

[Event "25th Belgrade Trophy"]
[Site "Obrenovac SRB"]
[Date "2011.12.02"]
[Round "9.42"]
[White "Milanko,N"]
[Black "Tisma,I"]
[Result "1/2-1/2"]
[WhiteElo "2000"]
[BlackElo "2141"]
[WhiteFideId "922161"]
[BlackFideId "920614"]
[EventDate "2011.11.24"]

1. e4 c5 2. Nf3 d6 3. c3 Nf6 4. Qe2 g6 5. g3 Bg7 6. Bg2 O-O 7. O-O Nc6 8. d3 Rb8
9. a4 e5 10. h3 d5 11. exd5 Nxd5 12. Nbd2 Re8 13. Nc4 h6 14. Kh2 Bf5 15. Rd1 Qc7
16. Nfd2 Be6 17. Nb3 b6 18. Nbd2 Rbd8 19. Ne3 Nf4 20. gxf4 exf4 21. Kg1 fxe3 22.
fxe3 Ne5 23. Nf3 Bb3 24. Rd2 Nxf3+ 25. Qxf3 Re6 26. Bf1 Rf6 27. Qg2 Rf5 28. Kh1
Rd6 29. e4 Rg5 30. Qf2 Rf6 31. Qe1 Be6 32. Rh2 Rh5 33. Be3 Bd7 34. d4 Re6 35.
Bg2 cxd4 36. cxd4 Rc6 37. Rd1 Rc2 38. Rd2 Bxa4 39. Rxc2 Bxc2 40. Bf3 Ra5 41. Bd2
Ra2 42. Bc3 Bb3 43. e5 Qd7 44. Qe4 Ra1+ 45. Kg2 Qe7 46. Rh1 Ra4 47. Re1 h5 48.
Qa8+ Kh7 49. Qe4 Qg5+ 50. Kh2 Bh6 51. Bd1 Bxd1 52. Rxd1 b5 53. Bd2 Qe7 54. Bxh6
Kxh6 55. Qe3+ Kg7 56. d5 Rc4 57. d6 Qd7 58. e6 fxe6 59. Qe5+ Kh7 60. Qf6 Rc8 61.
Qe7+ Qxe7 62. dxe7 Re8 63. Rd7 g5 64. Rxa7 Kg6 65. Rb7 Kf6 66. Kg3 Rxe7 67. Rxb5
e5 68. Kf3 Kf5 69. Rb8 Rf7 70. Ke3 g4 71. hxg4+ hxg4 72. b4 Ke6 73. b5 Rf3+ 74.
Ke4 Rf4+ 75. Ke3 Rb4 76. Rg8 Kf5 77. Rf8+ Ke6 1/2-1/2

[Event "25th Belgrade Trophy"]
[Site "Obrenovac SRB"]
[Date "2011.12.02"]
[Round "9.43"]
[White "Jandric,D"]
[Black "Marjanovic,Dej"]
[Result "0-1"]
[WhiteElo "1980"]
[BlackElo "2138"]
[WhiteFideId "921475"]
[BlackFideId "14402661"]
[EventDate "2011.11.24"]

1. e4 c6 2. d4 d5 3. Nd2 dxe4 4. Nxe4 Nf6 5. Nxf6+ exf6 6. c3 Bd6 7. Bd3 O-O 8.
Qc2 h6 9. Ne2 Nd7 10. Be3 Re8 11. O-O-O Nf8 12. Ng3 Be6 13. Kb1 a5 14. Ne4 b5
15. Nxd6 Qxd6 16. Rhe1 Nd7 17. f4 Nb6 18. f5 Bc4 19. g3 Bxd3 20. Qxd3 Qd5 21.
Bf4 a4 22. g4 Nc4 23. Re2 a3 24. b3 Nb2 25. Rxb2 axb2 26. Kxb2 Qg2+ 0-1

[Event "25th Belgrade Trophy"]
[Site "Obrenovac SRB"]
[Date "2011.12.02"]
[Round "9.44"]
[White "Lazarevic,ZV"]
[Black "Brakus,D"]
[Result "1-0"]
[WhiteElo "2130"]
[BlackElo "1989"]
[WhiteFideId "939625"]
[BlackFideId "928186"]
[EventDate "2011.11.24"]

1. e4 e5 2. Nf3 Nc6 3. d4 exd4 4. Nxd4 Nf6 5. Nxc6 bxc6 6. e5 Qe7 7. Qe2 Nd5 8.
c4 Ba6 9. g3 g6 10. b3 Bg7 11. Bb2 O-O 12. Bg2 Rae8 13. O-O Qd8 14. Qd2 Nb6 15.
f4 f6 16. Qa5 Bxc4 17. bxc4 Nxc4 18. Qc3 Nxb2 19. Qxb2 fxe5 20. Nd2 exf4 21.
Qb3+ Kh8 22. Rad1 Re3 23. Qc4 fxg3 24. hxg3 1-0